[Event "Chennai op 2nd"]
[Site "Chennai"]
[Date "2010.01.26"]
[Round "2"]
[White "Vikram, Saralaya"]
[Black "Ramesh, Ramachandran B"]
[Result "0-1"]
[WhiteElo "2175"]
[BlackElo "2482"]
[PlyCount "70"]
[EventDate "2010.01.25"]
[EventType "swiss"]
[EventRounds "11"]
[EventCountry "IND"]
[SourceTitle "CBM 134 Extra"]
[Source "ChessBase"]
[SourceDate "2010.03.03"]
[SourceVersion "1"]
[SourceVersionDate "2010.03.03"]
[SourceQuality "1"]

1. e4 e5 2. Nf3 Nc6 3. d4 exd4 4. Nxd4 Bc5 5. Be3 Qf6 6. c3 Nge7 7. Bc4 Ne5 8. Be2 Qg6 9. 0-0 d6 10. Kh1 0-0 11. Nd2 Ng4 12. Bxg4 Bxg4 13. f3 Bd7 14. b4 Bb6 15. a4 a6 16. Nc4 Ba7 17. Nc2 Bxe3 18. N2xe3 Rad8 19. Qd2 Be6 20. Nd5 Nxd5 21. exd5 Bd7 22. Na5 Bc8 23. b5 axb5 24. axb5 Rde8 25. Rfe1 h5 26. Nb3 Bf5 27. c4 Bd3 28. Qc3 Rxe1+ 29. Rxe1 Ra8 30. Rd1 Be2 31. Rc1 Ra2 32. g3 Qf5 33. Nd2 Qh3 34. Rc2 Bf1 35. Ne4 Bd3 0-1